Effective public relations

Bibliographic Details
Main Authors: Cutlip, Scott M. (Author), Center, Allen H. (Author)
Format: Book
Language:English
Published: Englewood Cliffs : Pentice Hall 1978
Edition:Firth edition
Subjects:

MARC

LEADER 00000cam a2200000 7i4500
001 0000004101
005 20240930.0
008 991208 njua eng
020 |a 0132450356 
040 |a INS   |b eng   |e rda 
090 0 0 |a HM263   |b .C78 1978 
100 1 |a Cutlip, Scott M. ,   |e author 
245 1 0 |a Effective public relations   |c Scott M. Cutlip, Allen H. Center 
250 |a Firth edition 
264 1 |a Englewood Cliffs :   |b Pentice Hall   |c 1978 
300 |a xvii, 612 pages :   |b illustrations ;   |c 24 cm. 
336 |a text  |2 rdacontent 
337 |a unmediated  |2 rdamedia 
338 |a volume  |2 rdacarrier 
650 0 |a Public relations 
700 1 |a Center, Allen H. ,   |e author 
999 |a 0000002010   |b BOOK   |c Open Shelf   |e Default branch